Multi-level efficacy evidence of a combined interprofessional collaboration and project management training program for healthcare project teams (Record no. 112290)

000 -LEADER
fixed length control field 00564pab a2200181 454500
008 - FIXED-LENGTH DATA ELEMENTS--GENERAL INFORMATION
fixed length control field 180718b2015 xxu||||| |||| 00| 0 eng d
100 ## - MAIN ENTRY--PERSONAL NAME
Personal name Chiocchio, Francois
245 ## - TITLE STATEMENT
Title Multi-level efficacy evidence of a combined interprofessional collaboration and project management training program for healthcare project teams
260 ## - PUBLICATION, DISTRIBUTION, ETC.
Date of publication, distribution, etc. 2015
300 ## - PHYSICAL DESCRIPTION
Extent p.20-34.
362 ## - DATES OF PUBLICATION AND/OR SEQUENTIAL DESIGNATION
Dates of publication and/or sequential designation Aug-Sep
650 ## - SUBJECT ADDED ENTRY--TOPICAL TERM
Topical term or geographic name entry element Training
650 ## - SUBJECT ADDED ENTRY--TOPICAL TERM
Topical term or geographic name entry element Project management
700 ## - ADDED ENTRY--PERSONAL NAME
Personal name Lebel, Paule
700 ## - ADDED ENTRY--PERSONAL NAME
Personal name Rabbat, Francois
773 ## - HOST ITEM ENTRY
Main entry heading Project Management Journal
909 ## -
-- 112295
Holdings
Withdrawn status Lost status Damaged status Not for loan Permanent Location Current Location Date acquired Serial Enumeration / chronology Barcode Date last seen Price effective from Koha item type
        Indian Institute of Public Administration Indian Institute of Public Administration 2018-07-19 Volume no: 46, Issue no: 4 AR112755 2018-07-19 2018-07-19 Articles

Powered by Koha